سيكولوجية الارهاب والتطرف العنيف / (رقم التسجيلة. 143961)

تفاصيل مارك
000 -الفاتح
عناصر البيانات ثابتة الطول 00806cam a2200205 i 4500
005 - تاريخ ووقت آخر معاملة
حقل ضبط 20251110085911.0
008 - عناصر البيانات ثابتة الطول
عناصر البيانات ثابتة الطول 250721s2022 jo gr 000 0 ara d
020 ## - الترقيم الدولي المعياري للكتب (ردمك)
الترقيم الدولي المعياري للكتب (ردمك) 9789957338756
082 14 - رقم تصنيف ديوي العشري
رقم التصنيف 155.9
رقم المادة ص ا ل
100 1# - مدخل رئيسي – اسم شخصي
الاسم الشخصي ابراهيم، اكرام
علاقة الشخص بالعمل/ دوره مؤلف.
245 10 - بيان العنوان
العنوان سيكولوجية الارهاب والتطرف العنيف /
بيان المسؤولية الدكتورة إكرام صالح إبراهيم صالح.
250 ## - بيان الطبعة
بيان الطبعة الطبعة الأولى.
264 31 - بيانات النشر، التوزيع…إلخ
مكان النشر، التوزيع...إلخ عمان :
اسم الناشر، الموزع...إلخ مؤسسة الوراق للنشلر والتوزيع،
تاريخ النشر، التوزيع...إلخ 2022.
264 31 - بيانات النشر، التوزيع…إلخ
مكان النشر، التوزيع...إلخ عمان :
اسم الناشر، الموزع...إلخ بوابة المصادر للنشر والتوزيع،
تاريخ النشر، التوزيع...إلخ 2022.
300 ## - الوصف المادي
عدد الوحدات المكونة للوعاء 150 صفحة.
650 17 - مدخل إضافي بالموضوع - مصطلح موضوعي
مصطلح موضوعي أو اسم جغرافي كعنصر مدخل التطرفية.
650 17 - مدخل إضافي بالموضوع - مصطلح موضوعي
مصطلح موضوعي أو اسم جغرافي كعنصر مدخل علم النفس البيئي.
942 ## - بيانات إضافية (كوها)
نوع التنصيف Dewey Decimal Classification
نوع المادة (كوها) كتب
المقتنيات
حالة السحب حالة الفقدان مصدر التصنيف حالة التلف غير قابل للإعارة المكتبة الرئيسية المكتبة الحالية موقع الرف تاريخ التزويد الرقم المتسلسل Total Checkouts رقم الإستدعاء الباركود تاريخ آخر ظهور تاريخ الفاتورة نوع المادة (كوها)
    Dewey Decimal Classification     المكتبة المركزية المكتبة المركزية الإعارة 28/07/2025 1768817   155.9 / ص ا ل PLD00501124 28/07/2025 28/07/2025 كتب
Implemented & Customized by: BBB with SCIT (Smart Chains for Information Technology)

Powered by Koha